• 首页
  • 本馆介绍
  • 公告通知
  • 最新文献
  • 馆藏检索
  • 电子资源
  • 读者导购
  • 参考咨询
  • 我的图书馆
  • 登录
  • 详细信息显示
  • 放入我的书架
  • 预约/预借图书
  • 作者相关作品
  • 分类相关作品
  • 丛书相关作品
  • 出版社相关作品

书目信息

  • 表格格式
  • 工作单格式
  • 卡片格式
题名:
结晶学教程
    
 
作者: 李国昌 , 王萍 编著
分册:  
出版信息: 北京   国防工业出版社  2019.09
页数: 240页
开本: 26cm
丛书名:
单 册:
中图分类: O7
科图分类:
主题词: 晶体学--jing ti xue--教材
电子资源:
ISBN: 978-7-118-11729-5
000 00874nam0 2200253 450
001 2033491776
005 20201122095227.99
010    @a978-7-118-11729-5@dCNY40.00
100    @a20191128d2019 em y0chiy50 ea
101 0  @achi
102    @aCN@b110000
105    @aa z 000yy
106    @ar
200 1  @a结晶学教程@9jie jing xue jiao cheng@f李国昌, 王萍编著
205    @a3版
210    @a北京@c国防工业出版社@d2019.09
215    @a240页@c图@d26cm
330    @a本书共分为10章,主要内容包括晶体的宏观对称;晶体定向与结晶符号;单形和聚形;实际晶体的形态和规则连生;晶体的面角恒等及投影;晶体生长的基本规律:晶体结构的几何理论;晶体化学基础;晶体结构。
606 0  @a晶体学@9jing ti xue@j教材
690    @aO7@v5
701  0 @a李国昌@9li guo chang@c(结晶学)@4编著
701  0 @a王萍@9wang ping@4编著
801  0 @aCN@bBJSZM@c20201120
905    @b1244584-7@dO7@e19=3@f4
    
    结晶学教程/李国昌, 王萍编著.-3版.-北京:国防工业出版社,2019.09
    240页:图;26cm
    
    
    ISBN 978-7-118-11729-5:CNY40.00
    本书共分为10章,主要内容包括晶体的宏观对称;晶体定向与结晶符号;单形和聚形;实际晶体的形态和规则连生;晶体的面角恒等及投影;晶体生长的基本规律:晶体结构的几何理论;晶体化学基础;晶体结构。
●
相关链接 在E读中查询图书 在五车中查询图书 在当当中查询图书 在豆瓣中查询图书


正题名:结晶学教程     索取号:O7/19=3         预约/预借

序号 登录号 条形码 馆藏地/架位号 状态 备注
1 1244584   212445843   第二样本阅览室/ [索取号:O7/19=3] 在馆    
2 1244585   212445852   第三借阅区/ [索取号:O7/19=3] 在馆    
3 1244586   212445861   第三借阅区/ [索取号:O7/19=3] 在馆    
4 1244587   212445870   第三借阅区/ [索取号:O7/19=3] 在馆    
唐山师范学院图书馆 欢迎您!
大连网信软件有限公司© 版权所有